Symbolic and Quantitative Approaches to Reasoning with Uncertainty 6th European Conference, ECSQARU 2001, Toulouse, France, September 19-21, 2001. Proceedings /

This book constitutes the refereed proceedings of the 6th European Conference on Symbolic and Quantitative Approaches to Reasoning with Uncertainty, ECSQARU 2001, held in Toulouse, France in September 2001. The 68 revised full papers presented together with three invited papers were carefully review...

Full description

Bibliographic Details
Corporate Author: SpringerLink (Online service)
Other Authors: Benferhat, Salem (Editor, http://id.loc.gov/vocabulary/relators/edt), Besnard, Philippe (Editor, http://id.loc.gov/vocabulary/relators/edt)
Format: Electronic eBook
Language:English
Published: Berlin, Heidelberg : Springer Berlin Heidelberg : Imprint: Springer, 2001.
Edition:1st ed. 2001.
Series:Lecture Notes in Artificial Intelligence ; 2143
Subjects:
Online Access:Full Text via HEAL-Link
LEADER 08523nam a2200565 4500
001 978-3-540-44652-1
003 DE-He213
005 20191026022233.0
007 cr nn 008mamaa
008 121227s2001 gw | s |||| 0|eng d
020 |a 9783540446521  |9 978-3-540-44652-1 
024 7 |a 10.1007/3-540-44652-4  |2 doi 
040 |d GrThAP 
050 4 |a Q334-342 
072 7 |a UYQ  |2 bicssc 
072 7 |a COM004000  |2 bisacsh 
072 7 |a UYQ  |2 thema 
082 0 4 |a 006.3  |2 23 
245 1 0 |a Symbolic and Quantitative Approaches to Reasoning with Uncertainty  |h [electronic resource] :  |b 6th European Conference, ECSQARU 2001, Toulouse, France, September 19-21, 2001. Proceedings /  |c edited by Salem Benferhat, Philippe Besnard. 
250 |a 1st ed. 2001. 
264 1 |a Berlin, Heidelberg :  |b Springer Berlin Heidelberg :  |b Imprint: Springer,  |c 2001. 
300 |a XIV, 818 p.  |b online resource. 
336 |a text  |b txt  |2 rdacontent 
337 |a computer  |b c  |2 rdamedia 
338 |a online resource  |b cr  |2 rdacarrier 
347 |a text file  |b PDF  |2 rda 
490 1 |a Lecture Notes in Artificial Intelligence ;  |v 2143 
505 0 |a Invited Papers -- Graphical Models as Languages for Computer Assisted Diagnosis and Decision Making -- Planning with Uncertainty and Incomplete Information -- What's Your Preference? And How to Express and Implement It in Logic Programming! -- Contributed Papers -- On Preference Representation on an Ordinal Scale -- Rule-Based Decision Support in Multicriteria Choice and Ranking -- Propositional Distances and Preference Representation -- Contributed Papers -- Value Iteration over Belief Subspace -- Space-Progressive Value Iteration: An Anytime Algorithm for a Class of POMDPs -- Contributed Papers -- Reasoning about Intentions in Uncertain Domains -- Troubleshooting with Simultaneous Models -- A Rational Conditional Utility Model in a Coherent Framework -- Contributed Papers -- Probabilistic Reasoning as a General Unifying Tool -- An Operational View of Coherent Conditional Previsions -- Contributed Papers -- Decomposition of Influence Diagrams -- Mixtures of Truncated Exponentials in Hybrid Bayesian Networks -- Importance Sampling in Bayesian Networks Using Antithetic Variables -- Using Recursive Decomposition to Construct Elimination Orders, Jointrees, and Dtrees -- Caveats For Causal Reasoning With Equilibrium Models -- Contributed Papers -- Supporting Changes in Structure in Causal Model Construction -- The Search of Causal Orderings: A Short Cut for Learning Belief Networks -- Stochastic Local Algorithms for Learning Belief Networks: Searching in the Space of the Orderings -- An Empirical Investigation of the K2 Metric -- Contributed Papers -- Sequential Valuation Networks: A New Graphical Technique for Asymmetric Decision Problems -- A Two-Steps Algorithm for Min-Based Possibilistic Causal Networks -- Contributed Papers -- Computing Intervals of Probabilities with Simulated Annealing and Probability Trees -- Probabilistic Logic under Coherence, Model-Theoretic Probabilistic Logic, and Default Reasoning -- Contributed Papers -- Belief Functions with Partially Ordered Values -- Dempster Specialization Matrices and the Combination of Belief Functions -- On the Conceptual Status of Belief Functions with Respect to Coherent Lower Probabilities -- About Conditional Belief Function Independence -- The Evaluation of Sensors' Reliability and Their Tuning for Multisensor Data Fusion within the Transferable Belief Model -- Coarsening Approximations of Belief Functions -- Contributed Papers -- Label Semantics: A Formal Framework for Modeling with Words -- Reasoning about Knowledge Using Rough Sets -- Contributed Papers -- The Capacity of a Possibilistic Channel -- New Semantics for Quantitative Possibility Theory -- Bridging logical, comparative and graphical possibilistic representation frameworks -- Contributed Papers -- Ellipse fitting with uncertainty and fuzzy decision stage for detection. Application in videomicroscopy. -- Probabilistic Modelling for Software Quality Control -- Spatial Information Revision: A Comparison between 3 Approaches -- Contributed Papers -- Social Choice, Merging, and Elections -- Data merging: Theory of Evidence vs knowledge-bases merging operators -- Contributed Papers -- A Priori Revision -- Some Operators for Iterated Revision -- On Computing Solutions to Belief Change Scenarios -- "Not impossible" vs. "guaranteed possible" in fusion and revision -- General Preferential Entaulments as Circumscriptions -- Contributed Papers -- A Semantic Tableau Version of First-Order Quasi-Classical Logic -- On Anytime Coherence-Based Reasoning -- Resolving Conflicts between Beliefs, Obligations, Intentions, and Desires -- Contributed Papers -- Comparing a Pair-wise Compatibility Heuristic and Relaxed Stratification: Some Preliminary Results -- How to Reason Credulously and Skeptically within a Single Extension -- Contributed Papers -- Handling Conditionals Adequately in Uncertain Reasoning -- Rankings We Prefer -- Contributed Papers -- Formalizing Human Uncertain Reasoning with Default Rules: A Psychological Conundrum and a Pragmatic Suggestion -- Statistical Information, Uncertainty, and Bayes' Theorem: Some Applications in Experimental Psychology -- Polymorphism of Human Judgment under Uncertainty -- How to Doubt about a Conditional -- Contributed Papers -- Dialectical Proof Theories for the Credulous Preferred Semantics of Argumentation Frameworks -- Argumentation and Qualitative Probabilistic Reasoning Using the Kappa Calculus -- Contributed Papers -- Importance Measures from Reliability Theory for Probabilistic Assumption-Based Reasoning -- Ramification in the Normative Method of Causality -- Simultaneous Events: Conflicts and Preferences -- Orthogonal Relations for Reasoning about Abstract Events -- Contributed Papers -- Explanatory Relations Based on Mathematical Morphology -- Monotonic and Residuated Logic Programs -- Contributed Papers -- A Proof Procedure for Possibilistic Logic Programming with Fuzzy Constants -- First-Order Characterization and Modal Analysis of Indiscernibility and Complementarity in Information Systems -- Contributed Papers -- Complete and Incomplete Knowledge in Logical Information Systems -- Extending Polynomiality to a Class of Non-clausal Many-Valued Horn-Like Formulas -- A Genetic Algorithm for Satisfiability Problem in a Probabilistic Logic: A First Report. 
520 |a This book constitutes the refereed proceedings of the 6th European Conference on Symbolic and Quantitative Approaches to Reasoning with Uncertainty, ECSQARU 2001, held in Toulouse, France in September 2001. The 68 revised full papers presented together with three invited papers were carefully reviewed and selected from over a hundred submissions. The book offers topical sections on decision theory, partially observable Markov decision processes, decision-making, coherent probabilities, Bayesian networks, learning causal networks, graphical representation of uncertainty, imprecise probabilities, belief functions, fuzzy sets and rough sets, possibility theory, merging, belief revision and preferences, inconsistency handling, default logic, logic programming, etc. 
650 0 |a Artificial intelligence. 
650 0 |a Programming languages (Electronic computers). 
650 0 |a Mathematical logic. 
650 0 |a Information technology. 
650 0 |a Business-Data processing. 
650 1 4 |a Artificial Intelligence.  |0 http://scigraph.springernature.com/things/product-market-codes/I21000 
650 2 4 |a Programming Languages, Compilers, Interpreters.  |0 http://scigraph.springernature.com/things/product-market-codes/I14037 
650 2 4 |a Mathematical Logic and Formal Languages.  |0 http://scigraph.springernature.com/things/product-market-codes/I16048 
650 2 4 |a IT in Business.  |0 http://scigraph.springernature.com/things/product-market-codes/522000 
700 1 |a Benferhat, Salem.  |e editor.  |4 edt  |4 http://id.loc.gov/vocabulary/relators/edt 
700 1 |a Besnard, Philippe.  |e editor.  |4 edt  |4 http://id.loc.gov/vocabulary/relators/edt 
710 2 |a SpringerLink (Online service) 
773 0 |t Springer eBooks 
776 0 8 |i Printed edition:  |z 9783662206294 
776 0 8 |i Printed edition:  |z 9783540424642 
830 0 |a Lecture Notes in Artificial Intelligence ;  |v 2143 
856 4 0 |u https://doi.org/10.1007/3-540-44652-4  |z Full Text via HEAL-Link 
912 |a ZDB-2-SCS 
912 |a ZDB-2-LNC 
912 |a ZDB-2-BAE 
950 |a Computer Science (Springer-11645)